[Event "Asker 75th"]
[Site "Asker"]
[Date "1997.11.22"]
[Round "1"]
[White "Djurhuus, Rune"]
[Black "Nielsen, Peter Heine"]
[Result "1/2-1/2"]
[WhiteElo "2525"]
[BlackElo "2515"]
[PlyCount "77"]
[EventDate "1997.11.22"]
[Source "ChessBase"]
[SourceDate "1998.01.31"]

1. d4 Nf6 2. c4 e6 3. Nc3 Bb4 4. e3 O-O 5. Bd3 c5 6. Nf3 d5 7. O-O Nc6 8. a3 Bxc3 9. bxc3 Qc7 10. cxd5 exd5 11. a4 Re8 12. h3 Ne7 13. Ba3 c4 14. Bxe7 Qxe7 15. Bc2 Ne4 16. Bxe4 Qxe4 17. Qb1 Bf5 18. Qxe4 Bxe4 19. Ra2 Re6 20. Rb2 Rb6 21. Ra2 Bxf3 22. gxf3 Rb3 23. Rc1 f5 24. Kf1 Re8 25. a5 Kf7 26. Rcc2 Re6 27. Rab2 Ra6 28. Rxb3 cxb3 29. Rb2 Rxa5 30. Rxb3 b5 31. Rb2 a6 32. Ke2 Ra1 33. e4 Ke6 34. e5 g5 35. f4 g4 36. h4 Kd7 37. Kd3 Ra3 38. Kd2 Ra4 39. Rb4 1/2-1/2

[Event "Pula op"]
[Site "Pula"]
[Date "1997.??.??"]
[Round "3"]
[White "Galliamova, Alisa"]
[Black "Giorgadze, Giorgi"]
[Result "0-1"]
[WhiteElo "2440"]
[BlackElo "2595"]
[PlyCount "118"]
[EventDate "1997.05.??"]
[Source "www.chesslib.no"]
[SourceDate "2004.05.04"]

1. d4 d5 2. c4 e6 3. Nf3 Nf6 4. Nc3 Bb4 5. e3 O-O 6. Bd3 c5 7. O-O Nc6 8. a3 Bxc3 9. bxc3 Qc7 10. h3 dxc4 11. Bxc4 b6 12. Re1 Rd8 13. Qc2 Bb7 14. Bd3 Na5 15. e4 cxd4 16. Nxd4 Rac8 17. Nb5 Qd7 18. Bf1 a6 19. e5 Ne4 20. Nd6 Nxd6 21. exd6 Qxd6 22. Bg5 f6 23. Bh4 Nc4 24. Qe2 Bd5 25. Qh5 Qf8 26. Bd3 g6 27. Qg4 Qf7 28. f4 Nd6 29. c4 Nxc4 30. f5 exf5 31. Bxf5 Rc6 32. Rad1 Rcd6 33. Kh2 Kf8 34. Bb1 b5 35. a4 Re8 36. axb5 axb5 37. Qd4 Bf3 38. Qc5 Bxd1 39. Rxd1 Qe7 40. Rf1 Kg7 41. Bg3 Rb6 42. Qd4 Re6 43. Rf2 Re2 44. Rxe2 Qxe2 45. Qd5 Ne5 46. Qb7+ Nf7 47. Qc6 Re6 48. Qd5 Qc4 49. Qd7 Qc6 50. Qd2 Ne5 51. Qd4 Re7 52. Qd2 Qc4 53. Qf2 b4 54. Qb6 b3 55. h4 Ng4+ 56. Kh3 Ne3 57. Qd6 Qg4+ 58. Kh2 Nf1+ 59. Kg1 Rd7 0-1